Tiếng Nhật giao tiếp thế kỷ 21

Sách gồm 15 chủ đề, mỗi chủ đề gồm ba phần: những mẫu câu giao tiếp thông dụng, từ vựng liên quan và hội thoại mẫu, giúp các bạn dễ dàng áp dụng vào tình huống và giao tiếp với người Nhật một cách thật tự tin....

Cijeli opis

Spremljeno u:
Bibliografski detalji
Glavni autor: Thanh Xuân
Format: Knjiga
Jezik:Undetermined
Izdano: Hà Nội Dân trí 2018
Teme:
Oznake: Dodaj oznaku
Bez oznaka, Budi prvi tko označuje ovaj zapis!
Thư viện lưu trữ: Trung tâm Học liệu Trường Đại học Cần Thơ
LEADER 00967nam a2200217Ia 4500
001 CTU_230842
008 210402s9999 xx 000 0 und d
020 |c 75000 
082 |a 495.68 
082 |b Th107 
100 |a Thanh Xuân 
245 0 |a Tiếng Nhật giao tiếp thế kỷ 21 
245 0 |c Thanh Xuân ; Vân Anh (Hiệu đính) 
260 |a Hà Nội 
260 |b Dân trí 
260 |c 2018 
520 |a Sách gồm 15 chủ đề, mỗi chủ đề gồm ba phần: những mẫu câu giao tiếp thông dụng, từ vựng liên quan và hội thoại mẫu, giúp các bạn dễ dàng áp dụng vào tình huống và giao tiếp với người Nhật một cách thật tự tin. 
650 |a Tiếng Nhật,Japanese language 
650 |x Dạy và học,Study and teaching 
910 |b nthai 
980 |a Trung tâm Học liệu Trường Đại học Cần Thơ